000 01543nam0a2200397 i 4500
001 RU\NLR\bibl\1913977
005 20260621042000.0
010 _a9785413006795
_9700
021 _aRU
_b2012-36538
_92711
035 _a(nilc)RSL-KNO-005441247
035 _a(NLR Aleph) 001903496
090 _a3079548
_c3079548
100 _a20120528d2012 u y0rusy50 ca
101 1 _arus
_ceng
102 _aRU
105 _ay |||||||||
200 1 _aВторое воплощение
_eего религия - любовь
_fБхагаван Шри Сатья Саи Баба
_g[пер. с англ. Т. Кочетковой]
205 _a2-е изд.
210 _aМосква
_cАмрита-Русь
_d2012
215 _a155, [1] с.
_cпортр.
_d21
300 _aЗагл. и авт. также на англ. яз.: His story as told by himsele / Bhagawan Sri Sathya Sai Baba
517 0 _6z48790
_aHis story as told by himsele
517 0 _aЕго религия - любовь
600 0 _aСатья Саи Баба
_f1926 - 2011
_92133980
_3RU\NLR\auth\661287041
686 _aЭ331.8,0
_2rubbk
686 _aЭ331-363-028
700 0 _4070
_7ca
_8rus
_aСатья Саи Баба
_f1926-2011
_9120069
_3RU\NLR\AUTH\7710290
790 1 _4070
_8eng
_7ba
_aSathya Sai Baba
_f1926-2011
_3RU\NLR\auth\7721934
_94995
801 0 _aRU
_bRuMoRKP
_c20120528
_grcr
801 1 _aRU
_bРГБ
_c20120528
801 2 _aRU
_bNLR
_c20120613
_grcr
942 _cBOOK
980 _aNBR